000 00700nam a2200181Ia 4500
008 100920s9999 xx 000 0 und d
082 _b95871
_a520 न 06
100 _aदेशपांडे चिंतामणी तथा ब. वि.
245 _aवास्तुशास्त्र मार्गदर्शन.
260 _bमहाजन ब्रदर्स,पुणे.
_c2006
300 _a150
_bसाधी
365 _b130
520 _aशाअ.
630 _aवास्तुशास्त्र मार्गदर्शन.
650 _aशाअ.
730 _aवास्तुशास्त्र मार्गदर्शन.
942 _cBOOK
999 _c736311
_d736308